| 000 | 00324nam a2200121Ia 4500 | ||
|---|---|---|---|
| 008 | 150202s9999 xx 000 0 und d | ||
| 050 |
_aFIC _bFIC |
||
| 100 | _aVerne, Jules. | ||
| 245 |
_aJourney to the center of the earth / _cJules Verne. |
||
| 260 |
_aUSA : _c1984. |
||
| 300 |
_a231 pages : _c18 cm. |
||
| 650 | _aFiction. | ||
| 999 |
_c282461 _d282461 |
||